Portraiture and politics in revolutionary France /

Examines the genre of portraiture and the political and cultural role of images in Revolutionary France. Focuses on portraiture as a privileged site for the elaboration of modern notions of selfhood and political agency.

Bibliographic Details
Main Author: Freund, Amy (Author)
Format: Book
Language:English
Published: University Park : Pennsylvania State University Press, [2014]
Subjects:

MARC

Tag First Indicator Second Indicator Subfields
LEADER 00000cam a2200000 i 4500
001 in00003462813
005 20151206104134.0
008 130910t20142014pauac b s001 0 eng c
010 |a  2013032622 
020 |a 9780271061948 (cloth : alk. paper) 
020 |a 0271061944 (cloth : alk. paper) 
035 |a (OCoLC)ocn858778201 
040 |a PSt/DLC  |e rda  |c DLC  |d UtOrBLW 
043 |a e-fr--- 
049 |a TXAM 
050 0 0 |a N7604  |b .F74 2014 
082 0 0 |a 704.9/42094409033  |2 23 
100 1 |a Freund, Amy,  |e author. 
245 1 0 |a Portraiture and politics in revolutionary France /  |c Amy Freund. 
264 1 |a University Park :  |b Pennsylvania State University Press,  |c [2014] 
264 4 |c ©2014 
300 |a xiv, 294 pages :  |b illustrations, portraits ;  |c 26 cm. 
336 |a text  |b txt  |2 rdacontent 
337 |a unmediated  |b n  |2 rdamedia 
338 |a volume  |b nc  |2 rdacarrier 
500 |a "Art History Publication Initiative"--Title page verso. 
504 |a Includes bibliographical references and index. 
505 0 |a Selling citizenship -- The legislative body -- Aux armes, citoyens! -- The terror -- The citoyenne tallien in prison -- The national Elysée -- Duty and happiness. 
520 |a Examines the genre of portraiture and the political and cultural role of images in Revolutionary France. Focuses on portraiture as a privileged site for the elaboration of modern notions of selfhood and political agency. 
650 0 |a Portraits, French  |y 18th century. 
650 0 |a Portraits  |x Political aspects  |z France  |x History  |y 18th century. 
651 0 |a France  |x History  |y Revolution, 1789-1799  |v Portraits. 
945 |a PromptCat 
946 |a stk 
947 |a A14840380780 
948 |a cataloged  |b h  |c 2014/9/9  |d c  |e dmitchel  |f 3:00:00 pm 
994 |a 92  |b TXA 
999 |a MARS 
999 f f |s b38bf191-831b-32ea-8905-1b727e314c87  |i 9cc57dad-9827-3ddb-8b39-770e12eb26a9  |t 0 
952 f f |p normal  |a Texas A&M University  |b College Station  |c Sterling C. Evans Library  |s Evans stk  |d Evans: Library Stacks  |t 0  |e N7604 .F74 2014  |h Library of Congress classification  |i unmediated -- volume  |m A14840380780 
998 f f |a N7604 .F74 2014  |t 0  |l Evans: Library Stacks